The noble scholar, jurist, historian


 His Excellency Dr. Abdul Wahhab bin Ibrahim Abu Sulaiman, may Allah have mercy on him.


 He was born in Umm Al-Qura in the year 1356 AH.

من نصوص الفقه المالكي : (Record no. 3943)

MARC details
000 -LEADER
fixed length control field 01394nam a2200277 i 4500
003 - CONTROL NUMBER IDENTIFIER
control field SA-RiAUC
005 - DATE AND TIME OF LATEST TRANSACTION
control field 20241225080032.0
008 - FIXED-LENGTH DATA ELEMENTS--GENERAL INFORMATION
fixed length control field 241215s2002 su g 000r0 ara c
040 ## - CATALOGING SOURCE
Original cataloging agency SA-RiKSU
Language of cataloging ara
Transcribing agency SA-RiAUC
Description conventions rda
082 04 - DEWEY DECIMAL CLASSIFICATION NUMBER
Classification number 258.2
090 ## - LOCALLY ASSIGNED LC-TYPE CALL NUMBER (OCLC); LOCAL CALL NUMBER (RLIN)
Classification number (OCLC) (R) ; Classification number, CALL (RLIN) (NR) 258.2
Local cutter number (OCLC) ; Book number/undivided call number, CALL (RLIN) ن ا ب
100 1# - MAIN ENTRY--PERSONAL NAME
Personal name النابغة الغلاوي، محمد النابغة بن عبد الرحمان بن أعمر،
Dates associated with a name توفي 1245 هجري
Relator term مؤلف.
245 10 - TITLE STATEMENT
Title من نصوص الفقه المالكي :
Remainder of title بوطليحية : وهو نظم في المعتمد من الكتب والفتوى على مذهب المالكية /
Statement of responsibility, etc. محمد النابغة بن عمر الغلاوي ؛ تحقيق ودراسة يحيى بن البراء.
246 30 - VARYING FORM OF TITLE
Title proper/short title وهو نظم في المعتمد من الكتب والفتوى على مذهب المالكية
250 ## - EDITION STATEMENT
Edition statement الطبعة الأولى.
264 #1 - PRODUCTION, PUBLICATION, DISTRIBUTION, MANUFACTURE, AND COPYRIGHT NOTICE
Place of production, publication, distribution, manufacture مكة المكرمة :
-- بيروت :
Name of producer, publisher, distributor, manufacturer المكتبة المكية ؛
-- مؤسسة الريان،
Date of production, publication, distribution, manufacture, or copyright notice 2002
300 ## - PHYSICAL DESCRIPTION
Extent 195 صفحة ؛
Dimensions 24 سم
336 ## - CONTENT TYPE
Content type term نص
Content type code txt
Source rdacontent
Materials specified كتاب
337 ## - MEDIA TYPE
Media type term بدون وسيط
Media type code n
Source rdamedia
338 ## - CARRIER TYPE
Carrier type term مجلد
Carrier type code nc
Source rdacarrier
650 #7 - SUBJECT ADDED ENTRY--TOPICAL TERM
Topical term or geographic name entry element الفقه المالكي
Source of heading or term aucsh
650 #7 - SUBJECT ADDED ENTRY--TOPICAL TERM
Topical term or geographic name entry element الفقه الإسلامي
General subdivision مذاهب
Source of heading or term aucsh
700 1# - ADDED ENTRY--PERSONAL NAME
Personal name بن البراء، يحيى
Relator term محقق.
942 ## - ADDED ENTRY ELEMENTS (KOHA)
Source of classification or shelving scheme Dewey Decimal Classification
Koha item type Books
Suppress in OPAC No
949 ## - LOCAL PROCESSING INFORMATION (OCLC)
a SA-JeALM
d 241215
u mohamedma123
n 1
Holdings
Withdrawn status Lost status Source of classification or shelving scheme Damaged status Not for loan Home library Current library Date acquired Total checkouts Full call number Barcode Date last seen Price effective from Koha item type
    Dewey Decimal Classification     DR AbdElwahab Library DR AbdElwahab Library 12/25/2024   258.2 ن ا ب 000006331 12/25/2024 12/25/2024 Books
    Dewey Decimal Classification     DR AbdElwahab Library DR AbdElwahab Library 01/14/2025   258.2 ن ا ب 000007568 01/14/2025 01/14/2025 Books